South Asian Diaspora by Ethnicity - Statistics

General Stats
  • This quiz has been taken 386 times
  • The average score is 34 of 40
Answer Stats
Ethnic Group Answer # % Correct
Sindhis United Kingdom 25 000
99%
Punjabis United Kingdom 700 000
99%
Gujaratis United Kingdom 864 000
99%
Bengalis United Kingdom 900 000
99%
Pashtuns United Kingdom 200 000
99%
Sindhis United States 38 760
99%
Punjabis United States 253 740
99%
Gujaratis United States 1 520 000
99%
Malayalees United States 300 000
99%
Telugus United States 1 239 000
99%
Pashtuns United States 238 554
99%
Punjabis Canada 942 170
98%
Gujaratis Canada 209 410
98%
Punjabis Australia 239 033
94%
Gujaratis Australia 108 341
94%
Telugus Australia 59 400
94%
Tamils France 302 000
88%
Pashtuns Germany 150 800
87%
Sindhis United Arab Emirates 94 620
87%
Bengalis United Arab Emirates 706 000
87%
Malayalees United Arab Emirates 1 014 000
87%
Tamils United Arab Emirates 400 000
87%
Pashtuns United Arab Emirates 578 315
87%
Sindhis Saudi Arabia 180 980
85%
Punjabis Saudi Arabia 884 000
85%
Bengalis Saudi Arabia 2 116 192
85%
Tamils Saudi Arabia 350 000
85%
Telugus Saudi Arabia 383 000
85%
Malayalees Qatar 745 000
79%
Bengalis Oman 680 242
77%
Pashtuns Iran 169 000
76%
Malayalees Kuwait 634 000
72%
Sindhis Malaysia 30 000
70%
Bengalis Malaysia 1 000 000
70%
Malayalees Malaysia 369 000
70%
Tamils Malaysia 1 897 000
70%
Telugus Malaysia 126 000
70%
Tamils South Africa 600 000
67%
Telugus Myanmar 138 000
49%
Gujaratis Kenya 72 000
36%
No matching quizzes found
Score Distribution
Percent of People with Each Score
Percentile by Number Answered
Your Score History
You have not taken this quiz